El sector financiero de cara al siglo XXI / (Registro nro. 11997)
[ vista simple ]
| 000 -LEADER | |
|---|---|
| fixed length control field | 01496nam a2200253Ia 4500 |
| 003 - CONTROL NUMBER IDENTIFIER | |
| control field | OSt |
| 005 - DATE AND TIME OF LATEST TRANSACTION | |
| control field | 20210723152434.0 |
| 008 - FIXED-LENGTH DATA ELEMENTS--GENERAL INFORMATION | |
| fixed length control field | 210310s2002 ck ad gr 000 0 spa d |
| 020 ## - INTERNATIONAL STANDARD BOOK NUMBER | |
| International Standard Book Number | 9583341339 tomo I. |
| 020 ## - INTERNATIONAL STANDARD BOOK NUMBER | |
| International Standard Book Number | 9583341379 tono II. |
| 020 ## - INTERNATIONAL STANDARD BOOK NUMBER | |
| International Standard Book Number | 9583341320 obra completa |
| 040 ## - CATALOGING SOURCE | |
| Original cataloging agency | CO-JMCR |
| Transcribing agency | CO-JMCR |
| 041 0# - LANGUAGE CODE | |
| Language code of text/sound track or separate title | spa |
| 082 04 - DEWEY DECIMAL CLASSIFICATION NUMBER | |
| Edition number | 23 |
| Classification number | 332.109861 / |
| Item number | A837s |
| 110 2# - MAIN ENTRY--CORPORATE NAME | |
| Corporate name or jurisdiction name as entry element | Asociación Nacional de Instituciones Financieras |
| 9 (RLIN) | 960 |
| 245 13 - TITLE STATEMENT | |
| Title | El sector financiero de cara al siglo XXI / |
| Statement of responsibility, etc. | Asociación Nacional de Instituciones Financieras |
| 260 ## - PUBLICATION, DISTRIBUTION, ETC. | |
| Place of publication, distribution, etc. | Colombia : |
| Name of publisher, distributor, etc. | ANIF, |
| Date of publication, distribution, etc. | 2002 |
| 300 ## - PHYSICAL DESCRIPTION | |
| Extent | 2 volúmenes : |
| Other physical details | ilustraciones y gráficas en blanco y negro ; |
| Dimensions | 24 cm. |
| 501 ## - WITH NOTE | |
| With note | Con: notas a pie de pagina. |
| 505 0# - FORMATTED CONTENTS NOTE | |
| Miscellaneous information | v.1 / |
| Title | La evolución del sistema financiero colombiano entre 1923 y 1950. -- Principales características de la evolución del sistema financiero. -- La evolución del sistema financiero entre 1985 y 2001. -- El sistema de ahorro y vivienda y las CAVS. |
| Miscellaneous information | v.2 / |
| Title | Descripción de situación actual. -- Elementos económicos, jurídicos e institucionales que subyacen en la alta demanda por juicios ejecutivos. -- El tramite judicial y los costos de los procesos ejecutivos. -- Reformas procesales y de gestión a los juicios ejecutivos. -- Mecanismos no judiciales para hacer frente al incumplimiento de obligaciones financieras. |
| 650 14 - SUBJECT ADDED ENTRY--TOPICAL TERM | |
| Topical term or geographic name entry element | Sistema financiero |
| Geographic subdivision | Colombia. |
| 9 (RLIN) | 27009 |
| 650 24 - SUBJECT ADDED ENTRY--TOPICAL TERM | |
| Topical term or geographic name entry element | Legislación financiera |
| Geographic subdivision | Colombia. |
| 9 (RLIN) | 38681 |
| 942 ## - ADDED ENTRY ELEMENTS (KOHA) | |
| Source of classification or shelving scheme | Dewey Decimal Classification |
| Koha item type | Books |
| Withdrawn status | Lost status | Source of classification or shelving scheme | Damaged status | Not for loan | Home library | Current library | Shelving location | Date acquired | Source of acquisition | Full call number | Barcode | Date last seen | Copy number | Price effective from | Koha item type | Total Checkouts |
|---|---|---|---|---|---|---|---|---|---|---|---|---|---|---|---|---|
| Dewey Decimal Classification | Biblioteca Pública José María del Castillo y Rada | Biblioteca Pública José María del Castillo y Rada | General Stacks | 04/15/2018 | Donación | 332.109861 / A837s | 430002271 | 05/16/2024 | v.1 / Ej.1 | 03/10/2021 | Books | |||||
| Dewey Decimal Classification | Biblioteca Pública José María del Castillo y Rada | Biblioteca Pública José María del Castillo y Rada | General Stacks | 04/15/2018 | Donación | 332.109861 / A837s | 430002268 | 05/16/2024 | v.2 / Ej.1 | 03/10/2021 | Books | |||||
| Dewey Decimal Classification | Biblioteca Pública José María del Castillo y Rada | Biblioteca Pública José María del Castillo y Rada | General Stacks | 04/15/2018 | Donación | 332.109861 / A837s | 430002269 | 05/16/2024 | v.1 / Ej.2 | 03/10/2021 | Books | |||||
| Dewey Decimal Classification | Biblioteca Pública José María del Castillo y Rada | Biblioteca Pública José María del Castillo y Rada | General Stacks | 04/15/2018 | Donación | 332.109861 / A837s | 430002270 | 05/16/2024 | v.2 / Ej.2 | 03/10/2021 | Books |